000 00726nam a2200241 a 4500
001 BRCA_7592
005 20190320205913.0
008 210613s1953----it-a######---#000-0#ita-#
041 _aita
044 _ait
050 4 _aND623.L6
_b.Z36 1953
100 1 _aZampetti, Pietro
_916586
245 1 0 _aMostra di Lorenzo Lotto
_bcatalogo ufficiale
_ca cura di Pietro Zampetti.
260 _aVenecia, Italia
_bArte Veneta
_c1953
300 _axxviii, 202 p.
_bil., 108 láminas
_c21 cm.
500 _aEn portada: Lotto
500 _aPalazzo Ducale-Venezia 14 giugno - 18 ottobre, 1953
500 _aS107
600 1 4 _aLotto, Lorenzo
_d1480?-1556?
_99404
650 1 4 _aPintores italianos
_97654
902 _aGFM
942 _2lcc
_cB
999 _c7266
_d7266